Slovensko verzus svet
Najaktuálnejšie investičné zámery firiem na Slovensku a v zahraničí. Investori na Slovensku - Hamé, Dachser Slovaka, Jaguár, Protherm Production, GeWiS Slovakia. Investori v zahraničí - Google podporí konkurenta Uberu, LG vybuduje v USA závod na komponenty pre elektromobily, Boeing začal s výstavbo...
Guardado en:
| Formato: | Capítulo de libro |
|---|---|
| Lenguaje: | eslovaco |
| Materias: | |
| Etiquetas: |
Sin Etiquetas, Sea el primero en etiquetar este registro!
|
MARC
| LEADER | 00000naa a2200000 4500 | ||
|---|---|---|---|
| 001 | 0241547 | ||
| 005 | 20180327064840.9 | ||
| 041 | 0 | |a slo | |
| 044 | |a SK | ||
| 245 | 1 | 0 | |a Slovensko verzus svet |
| 520 | |a Najaktuálnejšie investičné zámery firiem na Slovensku a v zahraničí. Investori na Slovensku - Hamé, Dachser Slovaka, Jaguár, Protherm Production, GeWiS Slovakia. Investori v zahraničí - Google podporí konkurenta Uberu, LG vybuduje v USA závod na komponenty pre elektromobily, Boeing začal s výstavbou prvého európskeho závodu v Británii. | ||
| 610 | 2 | 0 | |a stratégia investičná |
| 610 | 2 | 0 | |a investori |
| 610 | 2 | 0 | |a investovanie |
| 610 | 2 | 0 | |a projekty investičné |
| 610 | 2 | 0 | |a Slovensko |